000 00991nam a2200277 a 4500
001 000016390
003 DO-SdBNP
005 20251028114914.0
007 ta
008 100304s1991 ve c 000 0 spa d
020 _a9806200365
040 _aDO-SdBNP
_bspa
_cBNPHU
_erda
041 _aspa
082 4 _a327.8707293
_bP852v
_222
100 1 _aPortillo, Julio,
_eautor
_4aut.
_936545
245 1 0 _aVenezuela-República Dominicana :
_brelaciones diplomáticas 1844-1984 /
_cJulio Portillo.
260 _aCaracas, Venezuela :
_bEx Libris,
_c1991.
300 _a344 p. :
_bretrs. ;
_c23 cm.
500 _aIncluye índices
504 _aIncluye referencias bibliográficas y notas al pie de las páginas
590 _aInventariado, 2018/BT
651 4 _aVenezuela
_xRelaciones exteriores
_zRepública Dominicana
_y1844-1984
_926230
651 4 _aRepública Dominicana
_xRelaciones exteriores
_zVenezuela
_y1844-1984
_936547
910 _aValidado. Control de calidad. MFF
942 _2ddc
_cLBS1
999 _c15925
_d15925